[Event "European Chess Club Cup 2023"]
[Site "Durres, Albania"]
[Date "2023.10.02"]
[Round "2.51"]
[White "Banusz, Tamas"]
[Black "Borhy, Marcell"]
[Result "1-0"]
[TimeControl "90' + 30' & 30\""]
[WhiteElo "2600"]
[BlackElo "2390"]

1. d4 {[%clk 01:30:57]} {[%emt 00:00:02]} Nf6 {[%clk 01:30:43]} {[%emt
00:00:17]} 2. Nf3 {[%clk 01:31:20]} {[%emt 00:00:08]} d5 {[%clk 01:31:05]}
{[%emt 00:00:08]} 3. c4 {[%clk 01:31:41]} {[%emt 00:00:10]} e6 {[%clk
01:31:22]} {[%emt 00:00:12]} 4. g3 {[%clk 01:32:06]} {[%emt 00:00:05]} Bb4+
{[%clk 01:31:39]} {[%emt 00:00:13]} 5. Bd2 {[%clk 01:32:23]} {[%emt 00:00:13]}
Be7 {[%clk 01:32:00]} {[%emt 00:00:09]} 6. Bg2 {[%clk 01:32:32]} {[%emt
00:00:21]} c6 {[%clk 01:32:19]} {[%emt 00:00:11]} 7. Qc2 {[%clk 01:32:49]}
{[%emt 00:00:12]} Nbd7 {[%clk 01:32:28]} {[%emt 00:00:21]} 8. Bf4 {[%clk
01:33:01]} {[%emt 00:00:19]} O-O {[%clk 01:32:42]} {[%emt 00:00:16]} 9. h4
{[%clk 01:33:24]} {[%emt 00:00:07]} dxc4 {[%clk 01:30:12]} {[%emt 00:03:00]} 10.
Qxc4 {[%clk 01:33:00]} {[%emt 00:00:54]} Nd5 {[%clk 01:30:26]} {[%emt
00:00:16]} 11. Bg5 {[%clk 01:31:02]} {[%emt 00:02:28]} c5 {[%clk 01:27:07]}
{[%emt 00:03:48]} 12. O-O {[%clk 01:26:38]} {[%emt 00:04:54]} f6 {[%clk
00:42:44]} {[%emt 00:44:55]} 13. Bd2 {[%clk 01:23:39]} {[%emt 00:03:28]} N7b6
{[%clk 00:39:06]} {[%emt 00:04:08]} 14. Qb3 {[%clk 01:19:02]} {[%emt 00:05:07]}
Bd7 {[%clk 00:36:04]} {[%emt 00:03:32]} 15. Nc3 {[%clk 01:14:21]} {[%emt
00:05:11]} c4 {[%clk 00:33:32]} {[%emt 00:03:02]} 16. Qc2 {[%clk 01:09:28]}
{[%emt 00:05:23]} Rc8 {[%clk 00:32:40]} {[%emt 00:01:23]} 17. a3 {[%clk
01:05:00]} {[%emt 00:04:58]} Nxc3 {[%clk 00:29:46]} {[%emt 00:03:23]} 18. bxc3
{[%clk 01:03:10]} {[%emt 00:02:19]} Na4 {[%clk 00:30:09]} {[%emt 00:00:08]} 19.
e4 {[%clk 01:02:53]} {[%emt 00:00:47]} b5 {[%clk 00:30:11]} {[%emt 00:00:28]}
20. Be3 {[%clk 00:59:06]} {[%emt 00:04:17]} a5 {[%clk 00:28:17]} {[%emt
00:02:24]} 21. Rfd1 {[%clk 00:58:41]} {[%emt 00:00:54]} Qe8 {[%clk 00:28:06]}
{[%emt 00:00:42]} 22. Bh3 {[%clk 00:54:47]} {[%emt 00:04:24]} Bxa3 {[%clk
00:24:31]} {[%emt 00:04:05]} 23. Rxa3 {[%clk 00:50:06]} {[%emt 00:05:12]} b4
{[%clk 00:24:55]} {[%emt 00:00:05]} 24. Raa1 {[%clk 00:48:37]} {[%emt
00:01:59]} Nxc3 {[%clk 00:24:36]} {[%emt 00:00:49]} 25. Re1 {[%clk 00:46:21]}
{[%emt 00:02:45]} Ba4 {[%clk 00:15:13]} {[%emt 00:09:54]} 26. Qc1 {[%clk
00:44:21]} {[%emt 00:02:31]} Nxe4 {[%clk 00:14:27]} {[%emt 00:01:16]} 27. Bf4
{[%clk 00:37:16]} {[%emt 00:07:35]} f5 {[%clk 00:12:28]} {[%emt 00:02:29]} 28.
Ng5 {[%clk 00:36:20]} {[%emt 00:01:25]} Nxg5 {[%clk 00:11:41]} {[%emt
00:01:18]} 29. hxg5 {[%clk 00:36:32]} {[%emt 00:00:17]} c3 {[%clk 00:11:59]}
{[%emt 00:00:12]} 30. Re3 {[%clk 00:35:27]} {[%emt 00:01:35]} Qd7 {[%clk
00:09:57]} {[%emt 00:02:32]} 31. Bf1 {[%clk 00:30:58]} {[%emt 00:04:59]} Rfd8
{[%clk 00:05:18]} {[%emt 00:05:09]} 32. Kh2 {[%clk 00:27:35]} {[%emt 00:03:52]}
Bb5 {[%clk 00:03:30]} {[%emt 00:02:19]} 33. Rxa5 {[%clk 00:16:25]} {[%emt
00:11:40]} Bxf1 {[%clk 00:03:58]} {[%emt 00:00:02]} 34. Qxf1 {[%clk 00:16:45]}
{[%emt 00:00:10]} b3 {[%clk 00:03:02]} {[%emt 00:01:27]} 35. Ra3 {[%clk
00:15:01]} {[%emt 00:02:14]} Qb7 {[%clk 00:03:19]} {[%emt 00:00:12]} 36. Qb1
{[%clk 00:14:02]} {[%emt 00:01:30]} c2 {[%clk 00:02:38]} {[%emt 00:01:11]} 37.
Qxb3 {[%clk 00:14:29]} {[%emt 00:00:03]} Qxb3 {[%clk 00:01:32]} {[%emt
00:01:36]} 38. Rexb3 {[%clk 00:14:57]} {[%emt 00:00:01]} c1=Q {[%clk 00:01:48]}
{[%emt 00:00:14]} 39. Bxc1 {[%clk 00:15:25]} {[%emt 00:00:02]} Rxc1 {[%clk
00:02:13]} {[%emt 00:00:06]} 40. Rb7 {[%clk 00:15:43]} {[%emt 00:00:12]} Kh8
{[%clk 00:00:53]} {[%emt 00:01:49]} 41. Raa7 {[%clk 00:15:54]} {[%emt
00:00:19]} h6 {[%clk 00:25:31]} {[%emt 00:05:53]} 42. g6 {[%clk 00:43:30]}
{[%emt 00:02:53]} Rg8 {[%clk 00:25:26]} {[%emt 00:00:34]} 43. Rb6 {[%clk
00:40:23]} {[%emt 00:03:37]} Rcc8 {[%clk 00:21:58]} {[%emt 00:03:59]} 44. Rxe6
{[%clk 00:37:32]} {[%emt 00:03:21]} Rcd8 {[%clk 00:22:18]} {[%emt 00:00:10]} 45.
Ra4 {[%clk 00:37:45]} {[%emt 00:00:17]} Rgf8 {[%clk 00:20:41]} {[%emt
00:02:07]} 46. Kg2 {[%clk 00:32:40]} {[%emt 00:05:35]} Rf6 {[%clk 00:17:25]}
{[%emt 00:03:45]} 47. d5 {[%clk 00:31:08]} {[%emt 00:02:03]} Kg8 {[%clk
00:16:53]} {[%emt 00:01:02]} 48. Ra7 {[%clk 00:25:57]} {[%emt 00:05:41]} 1-0

[Event "European Chess Club Cup 2023"]
[Site "Durres, Albania"]
[Date "2023.10.02"]
[Round "2.52"]
[White "Varga, Zoltan"]
[Black "Ivic, Velimir"]
[Result "1/2-1/2"]
[TimeControl "90' + 30' & 30\""]
[WhiteElo "2356"]
[BlackElo "2562"]

1. d4 {[%clk 01:30:57]} {[%emt 00:00:03]} Nf6 {[%clk 01:30:39]} {[%emt
00:00:21]} 2. c4 {[%clk 01:31:14]} {[%emt 00:00:12]} g6 {[%clk 01:30:20]}
{[%emt 00:00:49]} 3. Nc3 {[%clk 01:31:27]} {[%emt 00:00:16]} Bg7 {[%clk
01:30:31]} {[%emt 00:00:20]} 4. e4 {[%clk 01:31:50]} {[%emt 00:00:07]} d6
{[%clk 01:30:56]} {[%emt 00:00:05]} 5. f3 {[%clk 01:31:56]} {[%emt 00:00:25]}
O-O {[%clk 01:30:33]} {[%emt 00:00:53]} 6. Be3 {[%clk 01:31:10]} {[%emt
00:01:15]} c5 {[%clk 01:28:48]} {[%emt 00:02:15]} 7. dxc5 {[%clk 01:30:41]}
{[%emt 00:01:00]} dxc5 {[%clk 01:29:11]} {[%emt 00:00:07]} 8. Qxd8 {[%clk
01:31:05]} {[%emt 00:00:06]} Rxd8 {[%clk 01:29:38]} {[%emt 00:00:03]} 9. Bxc5
{[%clk 01:31:30]} {[%emt 00:00:05]} Nc6 {[%clk 01:28:03]} {[%emt 00:02:04]} 10.
Nd5 {[%clk 01:31:29]} {[%emt 00:00:32]} Nd7 {[%clk 01:23:35]} {[%emt 00:04:57]}
11. Nxe7+ {[%clk 01:27:13]} {[%emt 00:04:47]} Nxe7 {[%clk 01:23:49]} {[%emt
00:00:16]} 12. Bxe7 {[%clk 01:27:38]} {[%emt 00:00:05]} Bxb2 {[%clk 01:23:51]}
{[%emt 00:00:28]} 13. Rb1 {[%clk 01:27:52]} {[%emt 00:00:16]} Bc3+ {[%clk
01:23:57]} {[%emt 00:00:23]} 14. Kf2 {[%clk 01:22:49]} {[%emt 00:05:33]} Bd4+
{[%clk 01:20:57]} {[%emt 00:03:30]} 15. Ke1 {[%clk 01:21:54]} {[%emt 00:01:26]}
Bc3+ {[%clk 01:12:00]} {[%emt 00:09:27]} 16. Kf2 {[%clk 01:21:50]} {[%emt
00:00:33]} Bd4+ {[%clk 01:10:59]} {[%emt 00:01:32]} 17. Ke1 {[%clk 01:21:49]}
{[%emt 00:00:31]} Re8 {[%clk 01:11:20]} {[%emt 00:00:09]} 18. Ne2 {[%clk
01:16:42]} {[%emt 00:05:37]} Rxe7 {[%clk 00:59:03]} {[%emt 00:12:47]} 19. Nxd4
{[%clk 01:17:05]} {[%emt 00:00:06]} f5 {[%clk 00:59:29]} {[%emt 00:00:04]} 20.
Kf2 {[%clk 00:54:12]} {[%emt 00:23:24]} fxe4 {[%clk 00:59:11]} {[%emt
00:00:49]} 21. Re1 {[%clk 00:54:39]} {[%emt 00:00:02]} Nf6 {[%clk 00:57:11]}
{[%emt 00:02:29]} 22. c5 {[%clk 00:53:30]} {[%emt 00:01:39]} Bd7 {[%clk
00:52:56]} {[%emt 00:04:46]} 23. Bc4+ {[%clk 00:46:15]} {[%emt 00:07:44]} Kg7
{[%clk 00:45:26]} {[%emt 00:08:01]} 24. Rb1 {[%clk 00:42:19]} {[%emt 00:04:26]}
Bf5 {[%clk 00:30:59]} {[%emt 00:14:58]} 25. Rb2 {[%clk 00:37:00]} {[%emt
00:05:49]} Rc8 {[%clk 00:27:19]} {[%emt 00:04:09]} 26. Rb5 {[%clk 00:31:19]}
{[%emt 00:06:11]} a6 {[%clk 00:22:00]} {[%emt 00:05:49]} 27. Ra5 {[%clk
00:31:45]} {[%emt 00:00:04]} Re5 {[%clk 00:17:36]} {[%emt 00:04:54]} 28. Nb3
{[%clk 00:21:38]} {[%emt 00:10:38]} exf3 {[%clk 00:17:05]} {[%emt 00:01:01]} 29.
gxf3 {[%clk 00:22:03]} {[%emt 00:00:04]} Nd7 {[%clk 00:14:37]} {[%emt
00:02:58]} 30. Re1 {[%clk 00:16:41]} {[%emt 00:05:52]} Rxe1 {[%clk 00:05:30]}
{[%emt 00:09:38]} 31. Kxe1 {[%clk 00:17:07]} {[%emt 00:00:03]} Ne5 {[%clk
00:03:45]} {[%emt 00:02:15]} 32. Be2 {[%clk 00:14:37]} {[%emt 00:03:00]} Nc6
{[%clk 00:03:39]} {[%emt 00:00:36]} 33. Ra4 {[%clk 00:15:02]} {[%emt 00:00:05]}
g5 {[%clk 00:02:27]} {[%emt 00:01:43]} 34. h4 {[%clk 00:13:27]} {[%emt
00:02:05]} h6 {[%clk 00:02:29]} {[%emt 00:00:27]} 35. Kf2 {[%clk 00:13:00]}
{[%emt 00:00:57]} Kf6 {[%clk 00:02:26]} {[%emt 00:00:34]} 36. hxg5+ {[%clk
00:12:21]} {[%emt 00:01:09]} hxg5 {[%clk 00:02:51]} {[%emt 00:00:05]} 37. Nd2
{[%emt 00:06:14]} Rd8 {[%emt 00:00:39]} 38. Ke3 {[%emt 00:01:21]} Rd5 {[%clk
00:01:50]} {[%emt 00:00:38]} 39. Rc4 {[%emt 00:04:25]} Re5+ {[%clk 00:02:04]}
{[%emt 00:00:06]} 40. Kf2 {[%clk 00:02:39]} {[%emt 00:00:36]} Re7 {[%clk
00:01:23]} {[%emt 00:01:11]} 41. a3 {[%clk 00:01:43]} {[%emt 00:01:25]} Rc7
{[%clk 00:22:31]} {[%emt 00:09:22]} 42. Ke3 {[%clk 00:30:04]} {[%emt 00:02:10]}
Re7+ {[%clk 00:19:57]} {[%emt 00:03:04]} 43. Kf2 {[%clk 00:29:16]} {[%emt
00:01:18]} Rc7 {[%clk 00:20:20]} {[%emt 00:00:07]} 44. Ke3 {[%clk 00:29:25]}
{[%emt 00:00:21]} Re7+ {[%emt 00:00:07]} 1/2-1/2

[Event "European Chess Club Cup 2023"]
[Site "Durres, Albania"]
[Date "2023.10.02"]
[Round "2.53"]
[White "Balog, Imre"]
[Black "Csonka, Attila Istvan"]
[Result "1-0"]
[TimeControl "90' + 30' & 30\""]
[WhiteElo "2622"]
[BlackElo "2297"]

1. d4 {[%clk 01:30:44]} {[%emt 00:00:15]} Nf6 {[%clk 01:30:55]} {[%emt
00:00:06]} 2. c4 {[%clk 01:30:03]} {[%emt 00:01:10]} e6 {[%clk 01:31:19]}
{[%emt 00:00:06]} 3. g3 {[%clk 01:29:52]} {[%emt 00:00:41]} d5 {[%clk
01:31:41]} {[%emt 00:00:09]} 4. Bg2 {[%clk 01:29:41]} {[%emt 00:00:41]} Be7
{[%clk 01:32:04]} {[%emt 00:00:06]} 5. Nf3 {[%clk 01:28:45]} {[%emt 00:01:26]}
O-O {[%clk 01:32:25]} {[%emt 00:00:09]} 6. O-O {[%clk 01:28:53]} {[%emt
00:00:21]} Nbd7 {[%clk 01:32:14]} {[%emt 00:00:42]} 7. Ne5 {[%clk 01:26:00]}
{[%emt 00:03:23]} c6 {[%clk 01:28:21]} {[%emt 00:04:24]} 8. Nd2 {[%clk
01:23:36]} {[%emt 00:02:53]} Nxe5 {[%clk 01:23:57]} {[%emt 00:04:55]} 9. dxe5
{[%clk 01:23:58]} {[%emt 00:00:07]} Ng4 {[%clk 01:23:19]} {[%emt 00:01:08]} 10.
Nf3 {[%clk 01:22:47]} {[%emt 00:01:41]} f6 {[%clk 01:22:59]} {[%emt 00:00:50]}
11. exf6 {[%clk 01:22:36]} {[%emt 00:00:40]} Bxf6 {[%clk 01:23:18]} {[%emt
00:00:12]} 12. Qc2 {[%clk 01:22:25]} {[%emt 00:00:40]} Bd7 {[%clk 01:16:38]}
{[%emt 00:07:11]} 13. e4 {[%clk 01:18:07]} {[%emt 00:04:48]} Be8 {[%clk
00:44:08]} {[%emt 00:33:00]} 14. Qe2 {[%clk 01:14:36]} {[%emt 00:04:01]} Qd6
{[%clk 00:32:27]} {[%emt 00:12:13]} 15. exd5 {[%clk 01:08:34]} {[%emt
00:06:31]} cxd5 {[%clk 00:31:47]} {[%emt 00:01:09]} 16. Re1 {[%clk 01:08:08]}
{[%emt 00:00:56]} dxc4 {[%clk 00:29:37]} {[%emt 00:02:42]} 17. Qxc4 {[%clk
01:05:47]} {[%emt 00:02:49]} Ne5 {[%clk 00:29:47]} {[%emt 00:00:21]} 18. Nxe5
{[%clk 01:05:35]} {[%emt 00:00:42]} Bxe5 {[%clk 00:30:11]} {[%emt 00:00:05]} 19.
Be3 {[%clk 01:06:00]} {[%emt 00:00:05]} Bf7 {[%clk 00:26:36]} {[%emt 00:04:06]}
20. Rad1 {[%clk 01:04:11]} {[%emt 00:02:18]} Qc7 {[%clk 00:26:24]} {[%emt
00:00:43]} 21. Qxc7 {[%clk 01:04:05]} {[%emt 00:00:35]} Bxc7 {[%clk 00:26:49]}
{[%emt 00:00:05]} 22. Rd7 {[%clk 01:04:30]} {[%emt 00:00:06]} 1-0

[Event "European Chess Club Cup 2023"]
[Site "Durres, Albania"]
[Date "2023.10.02"]
[Round "2.54"]
[White "Takacs, Laszlo"]
[Black "Korpa, Bence"]
[Result "0-1"]
[TimeControl "90' + 30' & 30\""]
[WhiteElo "2221"]
[BlackElo "2522"]

1. e4 {[%clk 01:30:57]} {[%emt 00:00:02]} Nf6 {[%clk 01:30:51]} {[%emt
00:00:10]} 2. e5 {[%clk 01:31:15]} {[%emt 00:00:12]} Nd5 {[%clk 01:31:15]}
{[%emt 00:00:05]} 3. d4 {[%clk 01:31:39]} {[%emt 00:00:06]} d6 {[%clk
01:31:36]} {[%emt 00:00:08]} 4. Nf3 {[%clk 01:31:52]} {[%emt 00:00:18]} dxe5
{[%clk 01:31:40]} {[%emt 00:00:26]} 5. Nxe5 {[%clk 01:32:02]} {[%emt 00:00:21]}
c6 {[%clk 01:31:57]} {[%emt 00:00:12]} 6. Bc4 {[%clk 01:29:16]} {[%emt
00:03:15]} Nd7 {[%clk 01:28:24]} {[%emt 00:04:04]} 7. O-O {[%clk 01:23:47]}
{[%emt 00:05:59]} Nxe5 {[%clk 01:23:30]} {[%emt 00:05:24]} 8. dxe5 {[%clk
01:24:11]} {[%emt 00:00:07]} Bf5 {[%clk 01:23:46]} {[%emt 00:00:13]} 9. Nd2
{[%clk 01:08:21]} {[%emt 00:16:20]} e6 {[%clk 01:23:33]} {[%emt 00:00:43]} 10.
Nf3 {[%clk 01:08:05]} {[%emt 00:00:46]} Nb4 {[%clk 01:11:21]} {[%emt 00:12:42]}
11. Qxd8+ {[%clk 00:55:22]} {[%emt 00:13:15]} Rxd8 {[%clk 01:11:39]} {[%emt
00:00:10]} 12. c3 {[%clk 00:51:48]} {[%emt 00:04:05]} Nc2 {[%clk 01:02:48]}
{[%emt 00:09:20]} 13. Bg5 {[%clk 00:52:05]} {[%emt 00:00:14]} Nxa1 {[%clk
01:03:08]} {[%emt 00:00:09]} 14. Bxd8 {[%clk 00:52:30]} {[%emt 00:00:06]} Kxd8
{[%clk 01:03:32]} {[%emt 00:00:06]} 15. Rxa1 {[%clk 00:52:53]} {[%emt
00:00:07]} Bc5 {[%clk 01:00:42]} {[%emt 00:03:20]} 16. Rd1+ {[%clk 00:50:05]}
{[%emt 00:03:17]} Ke7 {[%clk 00:59:56]} {[%emt 00:01:16]} 17. Kf1 {[%clk
00:47:46]} {[%emt 00:02:49]} Bb6 {[%clk 00:47:15]} {[%emt 00:13:11]} 18. Nh4
{[%clk 00:34:43]} {[%emt 00:13:32]} Be4 {[%clk 00:45:44]} {[%emt 00:02:02]} 19.
Re1 {[%clk 00:34:48]} {[%emt 00:00:25]} Bc2 {[%clk 00:30:06]} {[%emt 00:16:09]}
20. Re2 {[%clk 00:32:53]} {[%emt 00:02:25]} Ba4 {[%clk 00:28:24]} {[%emt
00:02:12]} 21. b3 {[%clk 00:26:39]} {[%emt 00:06:45]} Bb5 {[%clk 00:28:48]}
{[%emt 00:00:05]} 22. Re4 {[%clk 00:26:30]} {[%emt 00:00:38]} Ba5 {[%clk
00:20:13]} {[%emt 00:09:06]} 23. a4 {[%clk 00:26:30]} {[%emt 00:00:30]} Bxc4+
{[%clk 00:19:51]} {[%emt 00:00:52]} 24. Rxc4 {[%clk 00:26:57]} {[%emt
00:00:04]} Rd8 {[%clk 00:19:45]} {[%emt 00:00:35]} 25. Ke2 {[%clk 00:27:16]}
{[%emt 00:00:11]} Rd5 {[%clk 00:16:49]} {[%emt 00:03:26]} 26. Nf3 {[%clk
00:24:22]} {[%emt 00:03:25]} Bc7 {[%clk 00:15:38]} {[%emt 00:01:40]} 27. Re4
{[%clk 00:24:29]} {[%emt 00:00:22]} b5 {[%clk 00:15:40]} {[%emt 00:00:28]} 28.
Nd4 {[%clk 00:18:45]} {[%emt 00:06:15]} bxa4 {[%clk 00:08:48]} {[%emt
00:07:22]} 29. c4 {[%clk 00:03:55]} {[%emt 00:15:21]} Rxd4 {[%clk 00:08:43]}
{[%emt 00:00:34]} 30. Rxd4 {[%clk 00:04:20]} {[%emt 00:00:05]} Bxe5 {[%clk
00:08:59]} {[%emt 00:00:15]} 31. Re4 {[%clk 00:04:22]} {[%emt 00:00:28]} axb3
{[%clk 00:09:12]} {[%emt 00:00:16]} 32. Kd2 {[%clk 00:04:31]} {[%emt 00:00:21]}
Kd6 {[%clk 00:07:13]} {[%emt 00:02:29]} 33. f4 {[%clk 00:04:52]} {[%emt
00:00:10]} Bf6 {[%clk 00:07:19]} {[%emt 00:00:23]} 34. Re3 {[%clk 00:04:14]}
{[%emt 00:01:08]} b2 {[%clk 00:06:43]} {[%emt 00:01:07]} 35. Kc2 {[%clk
00:04:19]} {[%emt 00:00:23]} Bd4 {[%clk 00:05:01]} {[%emt 00:02:13]} 36. Ra3
{[%clk 00:03:24]} {[%emt 00:01:23]} f6 {[%clk 00:04:14]} {[%emt 00:01:19]} 37.
c5+ {[%clk 00:01:43]} {[%emt 00:02:11]} Kxc5 {[%clk 00:03:36]} {[%emt
00:01:08]} 38. Rxa7 {[%clk 00:02:06]} {[%emt 00:00:07]} f5 {[%clk 00:03:58]}
{[%emt 00:00:08]} 39. h3 {[%clk 00:01:51]} {[%emt 00:00:45]} Kd5 {[%clk
00:03:49]} {[%emt 00:00:39]} 40. Re7 {[%clk 00:01:59]} {[%emt 00:00:20]} c5
{[%clk 00:02:53]} {[%emt 00:01:28]} 41. g3 {[%clk 00:27:55]} {[%emt 00:04:33]}
Ke4 {[%clk 00:29:25]} {[%emt 00:03:59]} 42. Ra7 {[%clk 00:27:50]} {[%emt
00:00:35]} c4 {[%clk 00:29:22]} {[%emt 00:00:34]} 43. Ra4 {[%clk 00:27:59]}
{[%emt 00:00:20]} Kf3 {[%clk 00:28:42]} {[%emt 00:01:10]} 44. Rxc4 {[%clk
00:26:29]} {[%emt 00:02:01]} Bf6 {[%clk 00:29:06]} {[%emt 00:00:05]} 0-1

[Event "European Chess Club Cup 2023"]
[Site "Durres, Albania"]
[Date "2023.10.02"]
[Round "2.55"]
[White "Baskin, Robert"]
[Black "Dardha, Daniel"]
[Result "1/2-1/2"]
[TimeControl "90' + 30' & 30\""]
[WhiteElo "2451"]
[BlackElo "2580"]

1. e4 {[%clk 01:30:52]} {[%emt 00:00:08]} c5 {[%clk 01:30:52]} {[%emt
00:00:09]} 2. Nf3 {[%clk 01:31:13]} {[%emt 00:00:09]} d6 {[%clk 01:31:12]}
{[%emt 00:00:10]} 3. d4 {[%clk 01:31:31]} {[%emt 00:00:12]} cxd4 {[%clk
01:31:31]} {[%emt 00:00:11]} 4. Nxd4 {[%clk 01:31:56]} {[%emt 00:00:04]} Nf6
{[%clk 01:31:55]} {[%emt 00:00:07]} 5. Nc3 {[%clk 01:32:18]} {[%emt 00:00:07]}
Nc6 {[%clk 01:32:19]} {[%emt 00:00:07]} 6. Bg5 {[%clk 01:32:33]} {[%emt
00:00:15]} e6 {[%clk 01:32:38]} {[%emt 00:00:10]} 7. Qd3 {[%clk 01:32:12]}
{[%emt 00:00:51]} Qb6 {[%clk 01:28:14]} {[%emt 00:04:54]} 8. O-O-O {[%clk
01:27:13]} {[%emt 00:05:29]} Qxd4 {[%clk 01:28:35]} {[%emt 00:00:09]} 9. Qxd4
{[%clk 01:27:36]} {[%emt 00:00:07]} Nxd4 {[%clk 01:29:02]} {[%emt 00:00:04]} 10.
Rxd4 {[%clk 01:27:58]} {[%emt 00:00:08]} a6 {[%clk 01:29:20]} {[%emt 00:00:12]}
11. Bxf6 {[%clk 01:25:49]} {[%emt 00:02:39]} gxf6 {[%clk 01:27:39]} {[%emt
00:02:10]} 12. Na4 {[%clk 01:26:14]} {[%emt 00:00:05]} Bd7 {[%clk 01:19:36]}
{[%emt 00:08:33]} 13. Nb6 {[%clk 01:26:28]} {[%emt 00:00:17]} Rd8 {[%clk
01:20:02]} {[%emt 00:00:04]} 14. Nxd7 {[%clk 01:26:02]} {[%emt 00:00:56]} Rxd7
{[%clk 01:20:05]} {[%emt 00:00:26]} 15. Be2 {[%clk 01:21:30]} {[%emt 00:05:02]}
Ke7 {[%clk 01:08:49]} {[%emt 00:11:46]} 16. Rhd1 {[%clk 01:20:06]} {[%emt
00:01:53]} Bh6+ {[%clk 01:05:59]} {[%emt 00:03:21]} 17. Kb1 {[%clk 01:20:29]}
{[%emt 00:00:07]} Rc8 {[%clk 01:06:20]} {[%emt 00:00:09]} 18. R4d3 {[%clk
01:16:34]} {[%emt 00:04:25]} Bg7 {[%clk 00:56:46]} {[%emt 00:10:04]} 19. Rh3
{[%clk 01:14:59]} {[%emt 00:02:05]} h6 {[%clk 00:53:00]} {[%emt 00:04:16]} 20.
Rg3 {[%clk 01:11:59]} {[%emt 00:03:30]} Kf8 {[%clk 00:53:03]} {[%emt 00:00:27]}
21. f4 {[%clk 01:04:09]} {[%emt 00:08:19]} Rc5 {[%clk 00:50:00]} {[%emt
00:03:34]} 22. Rgd3 {[%clk 01:01:36]} {[%emt 00:03:03]} Ke7 {[%clk 00:49:08]}
{[%emt 00:01:22]} 23. Rg3 {[%clk 01:01:57]} {[%emt 00:00:09]} Kf8 {[%clk
00:49:13]} {[%emt 00:00:26]} 24. Rgd3 {[%clk 00:57:37]} {[%emt 00:04:49]} Ke7
{[%clk 00:48:31]} {[%emt 00:01:12]} 25. Rg3 {[%emt 00:02:25]} Kf8 {[%emt
00:02:25]} 1/2-1/2

[Event "European Chess Club Cup 2023"]
[Site "Durres, Albania"]
[Date "2023.10.02"]
[Round "2.56"]
[White "Lagarde, Maxime"]
[Black "Petursson, Margeir"]
[Result "1-0"]
[TimeControl "90' + 30' & 30\""]
[WhiteElo "2626"]
[BlackElo "2405"]

1. e4 {[%clk 01:30:57]} {[%emt 00:00:02]} c5 {[%clk 01:30:56]} {[%emt
00:00:04]} 2. Nf3 {[%clk 01:31:25]} {[%emt 00:00:03]} g6 {[%clk 01:31:19]}
{[%emt 00:00:06]} 3. d4 {[%clk 01:31:50]} {[%emt 00:00:05]} cxd4 {[%clk
01:31:45]} {[%emt 00:00:04]} 4. Qxd4 {[%clk 01:32:17]} {[%emt 00:00:04]} Nf6
{[%clk 01:31:52]} {[%emt 00:00:21]} 5. e5 {[%clk 01:32:44]} {[%emt 00:00:04]}
Nc6 {[%clk 01:32:06]} {[%emt 00:00:16]} 6. Qa4 {[%clk 01:33:10]} {[%emt
00:00:03]} Nd5 {[%clk 01:32:13]} {[%emt 00:00:22]} 7. Qb3 {[%clk 01:33:37]}
{[%emt 00:00:05]} Nc7 {[%clk 01:31:11]} {[%emt 00:01:31]} 8. Nc3 {[%clk
01:33:56]} {[%emt 00:00:12]} Bg7 {[%clk 01:24:46]} {[%emt 00:06:53]} 9. Bf4
{[%clk 01:34:15]} {[%emt 00:00:14]} Ne6 {[%clk 01:07:40]} {[%emt 00:17:35]} 10.
Bg3 {[%clk 01:34:30]} {[%emt 00:00:15]} Ned4 {[%clk 00:58:41]} {[%emt
00:09:26]} 11. Nxd4 {[%clk 01:34:53]} {[%emt 00:00:11]} Nxd4 {[%clk 00:59:07]}
{[%emt 00:00:03]} 12. Qa4 {[%clk 01:35:17]} {[%emt 00:00:06]} Nf5 {[%clk
00:56:55]} {[%emt 00:02:41]} 13. Bf4 {[%clk 01:32:57]} {[%emt 00:02:51]} O-O
{[%clk 00:41:31]} {[%emt 00:15:54]} 14. g4 {[%clk 01:26:09]} {[%emt 00:07:19]}
Nh6 {[%clk 00:38:37]} {[%emt 00:03:22]} 15. h3 {[%clk 01:25:40]} {[%emt
00:01:00]} d6 {[%clk 00:28:55]} {[%emt 00:10:13]} 16. O-O-O {[%clk 01:24:56]}
{[%emt 00:01:13]} Bd7 {[%clk 00:23:14]} {[%emt 00:06:09]} 17. Bb5 {[%clk
01:23:37]} {[%emt 00:01:51]} Be6 {[%clk 00:21:44]} {[%emt 00:02:00]} 18. Rhe1
{[%clk 01:10:10]} {[%emt 00:13:57]} a6 {[%clk 00:19:54]} {[%emt 00:02:19]} 19.
Bf1 {[%clk 01:10:33]} {[%emt 00:00:08]} b5 {[%clk 00:14:13]} {[%emt 00:06:11]}
20. Qb4 {[%clk 01:05:41]} {[%emt 00:05:21]} a5 {[%clk 00:10:56]} {[%emt
00:03:47]} 21. Qxb5 {[%clk 00:58:27]} {[%emt 00:07:45]} Rb8 {[%clk 00:11:21]}
{[%emt 00:00:04]} 22. Qa6 {[%clk 00:58:42]} {[%emt 00:00:17]} Rb4 {[%clk
00:08:31]} {[%emt 00:03:19]} 23. Bg3 {[%clk 00:56:24]} {[%emt 00:02:49]} Qd7
{[%clk 00:05:55]} {[%emt 00:03:06]} 24. Bb5 {[%clk 00:54:41]} {[%emt 00:02:13]}
Qc7 {[%clk 00:03:10]} {[%emt 00:03:14]} 25. a3 {[%clk 00:49:19]} {[%emt
00:05:53]} Rxb5 {[%clk 00:01:52]} {[%emt 00:01:47]} 26. Qxb5 {[%clk 00:48:14]}
{[%emt 00:01:35]} Bc4 {[%clk 00:01:05]} {[%emt 00:01:17]} 27. exd6 {[%clk
00:47:20]} {[%emt 00:01:25]} exd6 {[%clk 00:01:19]} {[%emt 00:00:15]} 28. Bxd6
{[%clk 00:47:26]} {[%emt 00:00:25]} 1-0